000 00643nam a22002177a 4500
005 20170123162350.0
010 _a170278
020 _c00.00
035 _a170278
037 _bCen Lib/Ret
040 _aDPL
_bUR
082 _a840.9
_bش ے ر
100 _aمحمودخاں، شیرانی
_9136336
245 _a/ پنجاب میں اردو
_cشیرانی محمو خاں
246 _aPunjab main urdu /
_bby Shirani Mehmood Khan
300 _a332p.
_c16cm(Hb)
650 _a اردو ادب
_v
_9136337
650 _aادیب
_9536
650 _aUrdu literature
_9136338
942 _2ddc
_cUR
_h840.9
_mش ے ر
999 _c109200
_d109200